Countries Closest to Libya - One Minute Sprint - Statistics

General Stats
  • This quiz has been taken 91 times
  • The average score is 13 of 20
Answer Stats
km country miles % Correct
0 Egypt 0
99%
0 Tunisia 0
99%
0 Algeria 0
97%
0 Chad 0
90%
0 Sudan 0
90%
276 Italy 171
85%
340 Malta 211
75%
259 Greece 161
73%
867 Israel 539
68%
0 Niger 0
66%
757 Cyprus 471
63%
866 Mali 538
62%
568 Turkey 353
58%
758 Albania 471
49%
949 Lebanon 590
48%
882 Macedonia 548
38%
936 France 581
34%
939 Saudi Arabia 584
34%
941 Bulgaria 585
21%
861 Palestine 535
21%
No matching quizzes found
Score Distribution
Percent of People with Each Score
Percentile by Number Answered
Your Score History
You have not taken this quiz